000 00292nam a2200121 i 4500
001 bg
245 0 0 _aRozrusenie.
_nT. 2,
_pMatematićeskie osnovy teorii rozrusenija.
260 _aMoskva,
_c1975.
040 _cBPK
041 _apol
942 _cKS
008 s pl f |000 0 pol
999 _c34833
_d34833
856 _uhttp://koha.tu.koszalin.pl/cgi-bin/koha/opac-detail.pl?biblionumber=34833
_yKatalog online BPK